| 000 | 01146nam a22002777a 4500 | ||
|---|---|---|---|
| 005 | 20101206113148.0 | ||
| 008 | 101206t xxu||||| |||| 00| 0 hin d | ||
| 010 | _aHIN-91569 | ||
| 020 |
_c150.00 _a812881835x |
||
| 035 | _aHN-63915 | ||
| 037 | _bDBAD/PUB | ||
| 040 |
_aDPL _bHN |
||
| 100 |
_924598 _aझा, विनोदा नन्द |
||
| 245 |
_aउनकी याद में / _cविनोदा नन्द झा |
||
| 246 |
_aUnki yaad mein _bby Vinoda nand Jha |
||
| 260 |
_aनई दिल्ली _bडायमंड पॉकेट बुक्स _c2008 |
||
| 270 |
_ax-30, ओखला इंडस्ट्रियल एरिया, फेज-11 _bनई दिल्ली _e110020 _k011- 41611861 _l011- 4161866 _msales@dpb.in |
||
| 300 |
_a242पृ. _c22सेमी (अजिल्द) |
||
| 650 | _91169 | ||
| 700 | _924599 | ||
| 700 | _925390 | ||
| 700 | _925450 | ||
| 700 | _925451 | ||
| 942 |
_2ddc _cHN _m821झाविनो |
||
| 999 |
_c50004 _d50004 |
||